000 00605nai a2200181Ia 4500
003 IN-BaIIA
008 211028c9999 xx s 000 0 eng d
022 _a0951-4198 (Print)
022 _a1097-0231 (Online)
040 _cIIA Library
245 0 _aRapid Communications In Mass Spectrometry
_h[eJournal]
260 _aNew Jersey
_bJohn Wiley & Sons
310 _aSemi-monthly
362 _a10(1); 1996 - Present
521 _bSubscribed through National Knowledge Resource Consortium (NKRC)
856 _uhttps://onlinelibrary.wiley.com/journal/10970231
_yClick Here to Access eJournal
942 _cEJ
999 _c35636
_d35636